[Event "GER T303-B01-S email"]
[Site "GER email"]
[Date "2019.10.12"]
[Round "?"]
[White "Zielinski, Sergej"]
[Black "Staroske, Uwe"]
[Result "1/2-1/2"]
[WhiteElo "2007"]
[BlackElo "2211"]
[PlyCount "87"]
[EventDate "2019.10.12"]
[EventType "tourn (corr)"]
[EventRounds "8"]
[EventCountry "GER"]
[SourceTitle "Corr 2024"]
[Source "ChessBase"]
[SourceDate "2023.10.19"]
[SourceVersion "1"]
[SourceVersionDate "2023.10.19"]
[SourceQuality "1"]

1. e4 d5 2. exd5 Qxd5 3. Nc3 Qa5 4. d4 c6 5. Nf3 Bf5 6. Bc4 Nf6 7. Bd2 e6 8. Ne4 Qd8 9. Ng3 Bg4 10. c3 Nbd7 11. h3 Bxf3 12. Qxf3 Be7 13. 0-0 0-0 14. Rfe1 a5 15. a4 Nd5 16. Bd3 Qb6 17. Re2 Rad8 18. Rae1 N7f6 19. Nf1 Rd7 20. Bc1 Qd8 21. Rd1 Qb8 22. Bc2 b5 23. Nh2 Rc8 24. g3 h6 25. h4 h5 26. Bg5 c5 27. axb5 Qxb5 28. dxc5 Rdc7 29. Nf1 Bxc5 30. Kg2 a4 31. Rc1 Kf8 32. Bd3 Qb6 33. Nd2 Be7 34. Ne4 a3 35. bxa3 Nxe4 36. Bxe7+ Kxe7 37. Bxe4 Nf6 38. c4 Rxc4 39. Rec2 Nxe4 40. Rxc4 Nd2 41. Qf4 Nxc4 42. Rxc4 Rxc4 43. Qxc4 f6 44. Qc3 1/2-1/2

[Event "GER GM08-A email"]
[Site "GER email"]
[Date "2019.06.19"]
[Round "?"]
[White "Staroske, Uwe"]
[Black "Kurth, Wilfried"]
[Result "1/2-1/2"]
[WhiteElo "2521"]
[BlackElo "2528"]
[PlyCount "92"]
[EventDate "2019.??.??"]
[EventType "tourn (corr)"]
[EventRounds "13"]
[EventCountry "GER"]
[SourceTitle "Corr 2022"]
[Source "ChessBase"]
[SourceDate "2021.10.24"]
[SourceVersion "1"]
[SourceVersionDate "2021.10.24"]
[SourceQuality "1"]

1. e4 e5 2. Nf3 Nc6 3. Bb5 a6 4. Ba4 Nf6 5. 0-0 Be7 6. Qe2 b5 7. Bb3 0-0 8. c3 d5 9. d3 Re8 10. Bg5 Be6 11. Nbd2 h6 12. Bh4 Nh5 13. g3 Nf6 14. Bxf6 Bxf6 15. a4 b4 16. a5 bxc3 17. bxc3 Na7 18. exd5 Bxd5 19. Ba4 Nb5 20. Qe3 Re6 21. Ne4 Rb8 22. Rfd1 c6 23. c4 Bxe4 24. dxe4 Nd4 25. Nxd4 exd4 26. Qd3 Be7 27. c5 Bxc5 28. Rdc1 Qd6 29. Bc2 Rb2 30. Rab1 Rb5 31. f4 Ba3 32. e5 Qc5 33. Rf1 g6 34. Rf3 Kg7 35. Rbf1 Rb2 36. Bd1 Qc3 37. Qxa6 Qd2 38. R3f2 Qe3 39. Kg2 Rxf2+ 40. Rxf2 d3 41. Qc4 h5 42. Rf1 h4 43. Bf3 hxg3 44. hxg3 Bc5 45. Qe4 Qd2+ 46. Kh3 Qxa5 1/2-1/2

[Event "GER GM08-A email"]
[Site "GER email"]
[Date "2019.06.19"]
[Round "?"]
[White "Staroske, Uwe"]
[Black "Murray, Tim"]
[Result "1/2-1/2"]
[WhiteElo "2521"]
[BlackElo "2564"]
[PlyCount "85"]
[EventDate "2019.??.??"]
[EventType "tourn (corr)"]
[EventRounds "13"]
[EventCountry "GER"]
[SourceTitle "Corr 2022"]
[Source "ChessBase"]
[SourceDate "2021.10.24"]
[SourceVersion "1"]
[SourceVersionDate "2021.10.24"]
[SourceQuality "1"]

1. e4 e5 2. Nf3 Nc6 3. d4 exd4 4. Nxd4 Nf6 5. Nxc6 bxc6 6. e5 Qe7 7. Qe2 Nd5 8. c4 Nb6 9. Nc3 Qe6 10. Qe4 g6 11. f4 Bb4 12. Bd2 0-0 13. 0-0-0 Rb8 14. f5 Qxf5 15. Qxf5 gxf5 16. Bd3 f6 17. Bh6 fxe5 18. Bxf8 Bxf8 19. Rhf1 d5 20. cxd5 Bh6+ 21. Kc2 cxd5 22. Bxf5 Bxf5+ 23. Rxf5 d4 24. Rxe5 dxc3 25. Rh5 Bf4 26. bxc3 Bd6 27. Rd4 Rf8 28. g3 Rf2+ 29. Kb3 Nd7 30. Rg4+ Kh8 31. Rgh4 Nc5+ 32. Kc4 Rxa2 33. Rxh7+ Kg8 34. R7h5 Nb7 35. Kd5 Kf7 36. Rf5+ Kg6 37. Rf3 Rd2+ 38. Kc6 Nd8+ 39. Kd7 Nf7 40. Rg4+ Kh5 41. Rh4+ Kg6 42. Rg4+ Kh5 43. Rh4+ 1/2-1/2

[Event "GER GM08-A email"]
[Site "GER email"]
[Date "2019.06.19"]
[Round "?"]
[White "Staroske, Uwe"]
[Black "Wunderlich, Hans Dieter"]
[Result "1/2-1/2"]
[WhiteElo "2521"]
[BlackElo "2580"]
[PlyCount "86"]
[EventDate "2019.??.??"]
[EventType "tourn (corr)"]
[EventRounds "13"]
[EventCountry "GER"]
[SourceTitle "Corr 2022"]
[Source "ChessBase"]
[SourceDate "2021.10.24"]
[SourceVersion "1"]
[SourceVersionDate "2021.10.24"]
[SourceQuality "1"]

1. e4 c5 2. Be2 Nc6 3. f4 d5 4. d3 e6 5. Nf3 Bd6 6. 0-0 Nge7 7. e5 Bc7 8. c3 0-0 9. d4 cxd4 10. Bd3 f6 11. cxd4 Bd7 12. Nc3 Be8 13. h3 Bh5 14. Ne2 Rc8 15. g4 Bg6 16. exf6 Rxf6 17. Be3 Nb4 18. Bxg6 Nxg6 19. Qb3 Nc6 20. Ne5 Na5 21. Qd3 Nc4 22. b3 Nxe3 23. Qxe3 Qe7 24. Kg2 Nh4+ 25. Kh2 Rff8 26. Rac1 h6 27. Rf2 Bd6 28. Rc3 Rxc3 29. Qxc3 g5 30. Kg3 a5 31. fxg5 hxg5 32. Nc1 Bxe5+ 33. dxe5 Rxf2 34. Kxf2 Kg7 35. Qe3 Kh6 36. Ne2 Qf8+ 37. Kg3 b5 38. Nd4 Qf1 39. Qf2 Qd3+ 40. Kh2 Qxd4 41. Qf8+ Kh7 42. Qe7+ Kh6 43. Qf8+ Kh7 1/2-1/2

[Event "GER GM07-B email"]
[Site "GER email"]
[Date "2018.06.19"]
[Round "?"]
[White "Copar, Anton"]
[Black "Staroske, Uwe"]
[Result "1/2-1/2"]
[WhiteElo "2527"]
[BlackElo "2535"]
[PlyCount "101"]
[EventDate "2018.??.??"]
[EventType "tourn (corr)"]
[EventRounds "13"]
[EventCountry "GER"]
[SourceTitle "Corr 2022"]
[Source "ChessBase"]
[SourceDate "2021.10.24"]
[SourceVersion "1"]
[SourceVersionDate "2021.10.24"]
[SourceQuality "1"]

1. e4 c5 2. Nf3 Nc6 3. d4 cxd4 4. Nxd4 Nf6 5. Nc3 e5 6. Nde2 Bc5 7. Ng3 0-0 8. Be2 Bb4 9. 0-0 Bxc3 10. bxc3 d5 11. Bg5 dxe4 12. Qe1 h6 13. Rd1 Qe7 14. Bxf6 Qxf6 15. Bc4 Bg4 16. Rb1 Rad8 17. Qxe4 Qf4 18. f3 Bc8 19. Bd5 Qxe4 20. fxe4 g6 21. c4 Kg7 22. Rf2 Rd7 23. Ne2 Ne7 24. Nc3 b6 25. Rbf1 Nxd5 26. cxd5 Ba6 27. Re1 Rc8 28. Nd1 Rc4 29. Nb2 Rc3 30. Nd1 Rc4 31. Nb2 Rc3 32. Nd1 Ra3 33. Ne3 f6 34. c4 Rf7 35. Rc2 h5 36. g4 hxg4 37. Nxg4 Rd3 38. c5 bxc5 39. Rxc5 Rd2 40. a4 Be2 41. Nf2 Rb7 42. Rec1 Rbb2 43. h4 Ba6 44. Rc7+ Kf8 45. Rxa7 Bb7 46. Rc7 Rb1+ 47. Kg2 Rbb2 48. Kg1 Rxf2 49. Raxb7 Rg2+ 50. Kf1 Rgf2+ 51. Kg1 1/2-1/2

[Event "GER AM04-A email"]
[Site "GER email"]
[Date "2018.06.19"]
[Round "?"]
[White "Schmelz, Thomas"]
[Black "Staroske, Uwe"]
[Result "1/2-1/2"]
[WhiteElo "2488"]
[BlackElo "2535"]
[PlyCount "60"]
[EventDate "2018.??.??"]
[EventType "tourn (corr)"]
[EventRounds "14"]
[EventCountry "GER"]
[SourceTitle "Corr 2020"]
[Source "ChessBase"]
[SourceDate "2019.09.30"]
[SourceVersion "1"]
[SourceVersionDate "2019.09.30"]
[SourceQuality "1"]

1. d4 f5 2. Nc3 Nf6 3. Bg5 d5 4. f3 Nc6 5. Qd2 h6 6. Bxf6 exf6 7. Nh3 Be6 8. 0-0-0 Bf7 9. e4 fxe4 10. fxe4 dxe4 11. d5 Ne5 12. Nxe4 c6 13. d6 Qb6 14. d7+ Kd8 15. a3 Bc5 16. Nxc5 Qxc5 17. Nf4 Kc7 18. g3 Rhd8 19. Bh3 g5 20. Nd3 Nxd3+ 21. Qxd3 g4 22. Bxg4 Qg5+ 23. Kb1 Qxg4 24. Qd6+ Kb6 25. Rd4 Qe6 26. Rb4+ Ka6 27. Ra4+ Kb6 28. Rb4+ Ka6 29. Ra4+ Kb6 30. Rb4+ Ka6 1/2-1/2

[Event "GER AM04-A email"]
[Site "GER email"]
[Date "2018.06.19"]
[Round "?"]
[White "Staroske, Uwe"]
[Black "Firnhaber, Ingo"]
[Result "1/2-1/2"]
[WhiteElo "2535"]
[BlackElo "2478"]
[PlyCount "65"]
[EventDate "2018.??.??"]
[EventType "tourn (corr)"]
[EventRounds "14"]
[EventCountry "GER"]
[SourceTitle "Corr 2020"]
[Source "ChessBase"]
[SourceDate "2019.09.30"]
[SourceVersion "1"]
[SourceVersionDate "2019.09.30"]
[SourceQuality "1"]

1. e4 e5 2. Nf3 Nc6 3. Bb5 a6 4. Ba4 Nf6 5. Qe2 b5 6. Bb3 Bc5 7. d3 d6 8. c3 0-0 9. Bg5 h6 10. Bh4 g5 11. Bg3 Bd7 12. Nbd2 Rb8 13. Nf1 a5 14. h3 Nh5 15. Bh2 a4 16. Bc2 Nf4 17. Bxf4 gxf4 18. g3 b4 19. Bxa4 Qf6 20. Rg1 Kh8 21. g4 bxc3 22. bxc3 Ra8 23. Bb3 Na5 24. Bc2 Rg8 25. N1d2 Bb6 26. a4 Rg7 27. Rb1 Re8 28. Kf1 h5 29. d4 hxg4 30. hxg4 Bxg4 31. Qb5 Qe6 32. Rh1+ Kg8 33. Ke2 1/2-1/2

[Event "GER AM04-A email"]
[Site "GER email"]
[Date "2018.06.19"]
[Round "?"]
[White "Staroske, Uwe"]
[Black "Gnutov, Yury Pavlovich"]
[Result "1/2-1/2"]
[WhiteElo "2535"]
[BlackElo "2504"]
[PlyCount "113"]
[EventDate "2018.??.??"]
[EventType "tourn (corr)"]
[EventRounds "14"]
[EventCountry "GER"]
[SourceTitle "Corr 2022"]
[Source "ChessBase"]
[SourceDate "2021.10.24"]
[SourceVersion "1"]
[SourceVersionDate "2021.10.24"]
[SourceQuality "1"]

1. e4 c5 2. Nc3 d6 3. f4 Nc6 4. Nf3 g6 5. Bb5 Bd7 6. Bc4 Bg7 7. 0-0 Na5 8. Be2 Nc6 9. d3 Nf6 10. Qe1 0-0 11. a4 Rc8 12. Bd1 a6 13. h3 e6 14. Qh4 Qb6 15. Kh1 Ne8 16. a5 Qc7 17. Bd2 b5 18. axb6 Qxb6 19. Na4 Qc7 20. c3 Ne7 21. Bc2 Bc6 22. b3 Bb7 23. g4 Nf6 24. Rf2 Nd7 25. f5 exf5 26. gxf5 Rce8 27. Rg1 Nxf5 28. exf5 Ne5 29. Bd1 Nxd3 30. Rff1 Qc8 31. Qg3 Qxf5 32. Kh2 Qe6 33. c4 Qe7 34. Nc3 a5 35. Rg2 Qd7 36. Qg4 f5 37. Qh4 Be4 38. Nd5 Qb7 39. Nf4 Ne5 40. Qg3 a4 41. bxa4 Nxc4 42. a5 Nxd2 43. Rxd2 d5 44. h4 Kh8 45. Ng5 Qa6 46. Be2 Qxa5 47. Rdd1 Qb6 48. Nxe4 fxe4 49. Rxd5 Qb2 50. Rd7 Rxf4 51. Rxf4 Qxe2+ 52. Rf2 Qc4 53. Rff7 Ra8 54. Rde7 h5 55. Rf2 Rf8 56. Rxf8+ Bxf8 57. Qe5+ 1/2-1/2

[Event "GER GM07-B email"]
[Site "GER email"]
[Date "2018.06.19"]
[Round "?"]
[White "Staroske, Uwe"]
[Black "Iotov, Valentin Dimitrov"]
[Result "1/2-1/2"]
[WhiteElo "2535"]
[BlackElo "2567"]
[PlyCount "100"]
[EventDate "2018.??.??"]
[EventType "tourn (corr)"]
[EventRounds "13"]
[EventCountry "GER"]
[SourceTitle "Corr 2020"]
[Source "ChessBase"]
[SourceDate "2019.09.30"]
[SourceVersion "1"]
[SourceVersionDate "2019.09.30"]
[SourceQuality "1"]

1. e4 c5 2. Nc3 Nc6 3. f4 g6 4. Nf3 Bg7 5. Bb5 Nd4 6. Nxd4 cxd4 7. Ne2 Nh6 8. Bc4 0-0 9. 0-0 e6 10. Bb3 d5 11. e5 f6 12. exf6 Bxf6 13. d3 Qc7 14. Ng3 Bd7 15. Bd2 a5 16. a4 b6 17. Qe2 Bg7 18. Kh1 Rae8 19. c4 dxc3 20. bxc3 Nf7 21. Rac1 Nd6 22. Be3 b5 23. c4 bxc4 24. dxc4 d4 25. c5 dxe3 26. cxd6 Qb6 27. Bc4 Kh8 28. Bb5 Bxb5 29. axb5 Qxd6 30. Qxe3 Qd5 31. b6 Bd4 32. Qa3 Bxb6 33. Rfd1 Qb7 34. Rb1 Rb8 35. Ne4 Qxe4 36. Rxb6 Qxf4 37. Qa1+ e5 38. Rxb8 Rxb8 39. Qxa5 Rc8 40. Rd8+ Rxd8 41. Qxd8+ Kg7 42. Qe7+ Kh6 43. h3 e4 44. Kg1 e3 45. h4 Qg3 46. Kh1 Qf4 47. h5 Qf1+ 48. Kh2 e2 49. Qe3+ Kxh5 50. Qe5+ Kg4 1/2-1/2

[Event "GER GM07-B email"]
[Site "GER email"]
[Date "2018.06.19"]
[Round "?"]
[White "Staroske, Uwe"]
[Black "Vinchev, Simeon Stefanov"]
[Result "1/2-1/2"]
[WhiteElo "2535"]
[BlackElo "2481"]
[PlyCount "63"]
[EventDate "2018.??.??"]
[EventType "tourn (corr)"]
[EventRounds "13"]
[EventCountry "GER"]
[SourceTitle "Corr 2020"]
[Source "ChessBase"]
[SourceDate "2019.09.30"]
[SourceVersion "1"]
[SourceVersionDate "2019.09.30"]
[SourceQuality "1"]

1. e4 e5 2. Nf3 Nc6 3. Bb5 Nf6 4. d3 Bc5 5. c3 0-0 6. Bxc6 bxc6 7. Nxe5 d5 8. d4 Bb6 9. 0-0 Nxe4 10. Nxc6 Qd6 11. Nb4 Re8 12. Re1 a5 13. Nd3 Ba6 14. Be3 c6 15. g3 Re7 16. Nf4 g5 17. Ng2 Qg6 18. Nd2 Rae8 19. Qc2 Kg7 20. Rac1 h6 21. b3 a4 22. bxa4 Ba5 23. Nxe4 Rxe4 24. f3 R4e7 25. Qxg6+ Kxg6 26. h4 Rb7 27. hxg5 hxg5 28. f4 f6 29. fxg5 fxg5 30. Bd2 Rxe1+ 31. Nxe1 Kf5 32. Nf3 1/2-1/2

[Event "GER GM06-B email"]
[Site "GER email"]
[Date "2017.06.26"]
[Round "?"]
[White "Bubir, Alex Nikolaevich"]
[Black "Staroske, Uwe"]
[Result "1/2-1/2"]
[WhiteElo "2536"]
[BlackElo "2526"]
[PlyCount "63"]
[EventDate "2017.??.??"]
[EventType "tourn (corr)"]
[EventRounds "13"]
[EventCountry "GER"]
[SourceTitle "Corr 2020"]
[Source "ChessBase"]
[SourceDate "2019.09.30"]
[SourceVersion "1"]
[SourceVersionDate "2019.09.30"]
[SourceQuality "1"]

1. d4 f5 2. g3 Nf6 3. Bg2 g6 4. Nf3 Bg7 5. 0-0 0-0 6. c4 d6 7. Nc3 c6 8. Rb1 a5 9. Qb3 h6 10. Be3 Ng4 11. Bd2 e5 12. dxe5 dxe5 13. Rbd1 Nd7 14. e4 Nc5 15. Qa3 Nxe4 16. Bxh6 Qb6 17. Bxg7 Kxg7 18. Nxe4 fxe4 19. c5 Qb4 20. Ng5 e3 21. fxe3 Qxa3 22. bxa3 Nxe3 23. Rxf8 Kxf8 24. Rd6 Bf5 25. Be4 Kg7 26. Ne6+ Kf7 27. Rd8 Rxd8 28. Nxd8+ Ke7 29. Bxf5 gxf5 30. Nxb7 a4 31. Nd6 Ke6 32. h4 1/2-1/2

[Event "GER GM06-B email"]
[Site "GER email"]
[Date "2017.06.26"]
[Round "?"]
[White "Staroske, Uwe"]
[Black "De Oliveira, Joao Carlos"]
[Result "1/2-1/2"]
[WhiteElo "2526"]
[BlackElo "2573"]
[PlyCount "76"]
[EventDate "2017.??.??"]
[EventType "tourn (corr)"]
[EventRounds "13"]
[EventCountry "GER"]
[SourceTitle "Corr 2020"]
[Source "ChessBase"]
[SourceDate "2019.09.30"]
[SourceVersion "1"]
[SourceVersionDate "2019.09.30"]
[SourceQuality "1"]

1. e4 c5 2. Nc3 d6 3. Nge2 Nf6 4. d4 cxd4 5. Nxd4 g6 6. Be3 Bg7 7. Be2 Nc6 8. Qd2 0-0 9. 0-0-0 Ng4 10. Bxg4 Bxg4 11. f3 Be6 12. Nxe6 fxe6 13. Kb1 Rc8 14. Ne2 Kf7 15. h4 h5 16. c3 Qa5 17. Nf4 Ne5 18. Qc2 Nc4 19. Bc1 Qb6 20. Ka1 Na3 21. Qb3 Qxb3 22. axb3 Nb5 23. Nd3 a5 24. e5 Bxe5 25. Nxe5+ dxe5 26. Rhe1 Rfd8 27. Rxd8 Rxd8 28. Rxe5 Rd5 29. Re1 Nd6 30. Kb1 b5 31. Bf4 Rf5 32. Be3 Re5 33. Kc1 Ke8 34. Bd2 Rxe1+ 35. Bxe1 e5 36. Bg3 Nf5 37. Bf2 Nd6 38. Bg3 Nf5 1/2-1/2